| 000 | 00350nam a2200133Ia 4500 | ||
|---|---|---|---|
| 008 | 240624s9999 xx 000 0 und d | ||
| 041 | _aeng | ||
| 082 | _a658.4092 NOR | ||
| 100 | _aNORTHOUSE PETER G | ||
| 245 | _aLEADERSHIP THEORY AND PRACTICE | ||
| 260 |
_c2007 _aLos Angeles _bSage Publications |
||
| 300 | _a391 : p. : cm. ; 22 | ||
| 365 |
_cRS _b30 |
||
| 999 |
_c13454 _d13454 |
||